Asylums : (Record no. 2461)
[ view plain ]
| 000 -LEADER | |
|---|---|
| fixed length control field | 00573cam a2200169 4500 |
| 001 - CONTROL NUMBER | |
| control field | 3060 |
| 005 - DATE AND TIME OF LATEST TRANSACTION | |
| control field | 20181127170413.0 |
| 008 - FIXED-LENGTH DATA ELEMENTS--GENERAL INFORMATION | |
| fixed length control field | 061220s2007 nju b 000 0 eng |
| 010 ## - LIBRARY OF CONGRESS CONTROL NUMBER | |
| LC control number | 2006052674 |
| 100 1# - MAIN ENTRY--PERSONAL NAME | |
| Personal name | Goffman, Erving. |
| 245 10 - TITLE STATEMENT | |
| Title | Asylums : |
| Remainder of title | essays on the social situation of mental patients and other inmates / |
| Statement of responsibility, etc. | Erving Goffman. |
| 260 ## - PUBLICATION, DISTRIBUTION, ETC. | |
| Place of publication, distribution, etc. | New Brunswick, NJ : |
| Name of publisher, distributor, etc. | Aldine Transaction, |
| Date of publication, distribution, etc. | c2007. |
| 300 ## - PHYSICAL DESCRIPTION | |
| Extent | xiv, 386 p. ; |
| Dimensions | 24 cm. |
| 504 ## - BIBLIOGRAPHY, ETC. NOTE | |
| Bibliography, etc. note | Includes bibliographical references. |
| 650 #0 - SUBJECT ADDED ENTRY--TOPICAL TERM | |
| Topical term or geographic name entry element | Mentally ill. |
| Topical term or geographic name entry element | Psychiatric hospitals |
| General subdivision | Sociological aspects. |
| Withdrawn status | Lost status | Source of classification or shelving scheme | Damaged status | Not for loan | Collection code | Home library | Current library | Shelving location | Serial Enumeration / chronology | Inventory number | Total Checkouts | Full call number | Barcode | Date last seen | Price effective from | Koha item type |
|---|---|---|---|---|---|---|---|---|---|---|---|---|---|---|---|---|
| Dewey Decimal Classification | Main TEST | RTC Library | RTC Library | Main opac | 2137 | 362.21 GOF | 30003592 | 27/11/2018 | 27/11/2018 | Main |